000 00398nam a2200121Ia 4500
008 220216s9999 xx 000 0 und d
100 _aMarattukalam J.G.
245 0 _aBench grafting in rubber (Hevea brasiliensis)
260 _bPlacrosym X, 1992, Kasaragod, India. Journal of Plantation Crops, 21 (Supplement): 277-282.
_c1993
650 _aBench grafting
700 _aVarghese Y.A.
942 _cBS
999 _c49355
_d49355